Sports Quiz

Random Sports or Football Quiz

NFL Defensive POTY Quiz Stats

 Plays Quiz Updated Feb 6, 2021

Support Sporcle.
Go Orange.
Score 0/50 Timer 07:00
3 Plays Today
Season Player % Correct
2014J.J. Watt
96.5%
2015J.J. Watt
96.5%
2000Ray Lewis
96%
2003Ray Lewis
96%
2012J.J. Watt
95%
2020Aaron Donald
94.5%
2018Aaron Donald
93.1%
2017Aaron Donald
91.1%
2005Brian Urlacher
88.6%
2004Ed Reed
88.2%
1981Lawrence Taylor
86%
1982Lawrence Taylor
86%
1986Lawrence Taylor
86%
2006Jason Taylor
85.7%
2016Khalil Mack
84.1%
2001Michael Strahan
83.5%
2019Stephon Gilmore
82.6%
2007Bob Sanders
81.5%
2008James Harrison
81.3%
2011Terrell Suggs
81%
1994Deion Sanders
80.5%
1987Reggie White
77.9%
1998Reggie White
77.9%
2013Luke Kuechly
76.6%
1999Warren Sapp
74.3%
Season Player % Correct
1993Rod Woodson
73.3%
1990Bruce Smith
69%
1996Bruce Smith
69%
2002Derrick Brooks
66.6%
2009Charles Woodson
63.8%
1985Mike Singletary
54.1%
1988Mike Singletary
54.1%
1972Joe Greene
51.2%
1974Joe Greene
51.2%
2010Troy Polamalu
46.5%
1976Jack Lambert
32.9%
1997Dana Stubblefield
23%
1971Alan Page
22.3%
1975Mel Blount
22.1%
1992Cortez Kennedy
21.9%
1979Lee Roy Selmon
17%
1980Lester Hayes
15.2%
1995Bryce Paup
12%
1991Pat Swilling
12%
1977Harvey Martin
11.5%
1984Kenny Easley
9.1%
1973Dick Anderson
8.8%
1978Randy Gradishar
7%
1989Keith Millard
6.1%
1983Doug Betters
2.8%

From the Vault

SNL Hosts

by Ben

I can't decide if being a member of Saturday Night Live's Five Timer's Club is as cool as it sounds.
Remove Ads.
Support Sporcle.
Get the best of Sporcle when you Go Orange. This ad-free experience offers more features, more stats, and more fun while also helping to support Sporcle. Thank you for becoming a member.

Show Comments

Extras

Top Quizzes Today


Score Distribution

Your Account Isn't Verified!

In order to create a playlist on Sporcle, you need to verify the email address you used during registration. Go to your Sporcle Settings to finish the process.

Report this User

Report this user for behavior that violates our Community Guidelines.

Details: